[Event "Julian Mazur 2024"]
[Site "Wellington Chess Club"]
[Date "2024.09.12"]
[Round "7.25"]
[White "Thingbaijam, Conan"]
[WhiteFideId "4326792"]
[Black "Asher, Bruce"]
[BlackFideId "0"]
[Result "1/2-1/2"]
[WhiteElo "1325"]
[BlackElo "1153"]

1. e4 e5 2. Nf3 Nc6 3. Bb5 a6 4. Ba4 Nf6 5. O-O Bc5 6. Bxc6 bxc6 7. Nxe5 Qe7 8.
Nf3 d6 9. d4 Bb6 10. Nc3 h6 11. Re1 Be6 12. h3 O-O 13. Bd2 Qd8 14. Be3 c5 15.
dxc5 Bxc5 16. Bxc5 dxc5 17. b3 Qc8 18. Nd5 Bxd5 19. exd5 Rd8 20. c4 Qb8 21. Rc1
c6 22. Re5 cxd5 23. cxd5 Qd6 24. Rc3 Ra7 25. Rd3 Re7 26. Rxe7 Qxe7 27. d6 Qe6
28. Kf1 g5 29. Ng1 Ne4 30. Re3 Rxd6 31. Qe2 Nd2+ 32. Ke1 Qf6 33. f3 Qa1+ 34.
Kf2 Qb2 35. Re8+ Kh7 36. Rc8 Rd5 37. Qe7 Qd4+ 38. Qe3 Qf6 39. Rxc5 Qf5 40. Rxd5
Qxd5 41. Ke2 Qa5 42. Qxd2 Qe5+ 43. Qe3 Qg3 44. Qf2 Qe5+ 45. Qe3 Qf5 46. Qe4
Qxe4+ 47. fxe4 Kg6 48. Kd3 Kf6 49. Kc4 Ke5 50. Kc5 Kxe4 51. Kb6 f5 52. Kxa6 g4
53. b4 g3 54. b5 f4 55. b6 Ke3 56. b7 f3 57. Nxf3 Kf2 58. Nh4 Kg1 59. b8=R h5
60. Rb1+ Kh2 61. Kb5 1/2-1/2

[Event "Julian Mazur 2024"]
[Site "Wellington Chess Club"]
[Date "2024.09.12"]
[Round "7.26"]
[White "Grant, Elliot"]
[WhiteFideId "0"]
[Black "Pham, Luca"]
[BlackFideId "0"]
[Result "1-0"]
[WhiteElo "1667"]
[BlackElo "947"]

1. e4 e5 2. Nf3 Nc6 3. c3 Bc5 4. d4 exd4 5. cxd4 Bb4+ 6. Bd2 Nf6 7. d5 Nxe4 8.
dxc6 Rb8 9. Bxb4 d6 10. Bd3 d5 11. O-O a5 12. Bxa5 b6 13. Bc3 Nxc3 14. Nxc3 O-O
15. Nxd5 Qxd5 16. Bxh7+ Kxh7 17. Qxd5 Be6 18. Qh5+ Kg8 19. Ng5 Rfd8 20. h3 g6
21. Qh7+ Kf8 22. Nxe6+ Ke8 23. Nxd8 Rxd8 24. Qg7 Rd3 25. Rfe1+ Kd8 26. Qf8# 1-0

[Event "Julian Mazur 2024"]
[Site "Wellington Chess Club"]
[Date "2024.09.12"]
[Round "7.27"]
[White "Pham, Anthony"]
[WhiteFideId "0"]
[Black "Ravi, Vrajesh"]
[BlackFideId "0"]
[Result "1-0"]
[WhiteElo "1151"]
[BlackElo "1054"]

1. e4 e5 2. Nf3 Nc6 3. Bc4 Bc5 4. d3 Nf6 5. Nc3 Bb4 6. Bd2 Bxc3 7. Bxc3 O-O 8.
O-O d5 9. exd5 Nxd5 10. Bxe5 Nxe5 11. Nxe5 Re8 12. Re1 Qd6 13. Qh5 Nb4 14.
Qxf7+ Kh8 15. Qxe8+ Qf8 16. Qxf8# 1-0

[Event "Julian Mazur 2024"]
[Site "Wellington Chess Club"]
[Date "2024.09.12"]
[Round "7.28"]
[White "Wong, Jaden"]
[WhiteFideId "0"]
[Black "He, Jacob"]
[BlackFideId "4320891"]
[Result "1/2-1/2"]
[WhiteElo "995"]
[BlackElo "1058"]

1. e4 e5 2. Nf3 Nc6 3. Bc4 Bc5 4. c3 d6 5. d4 exd4 6. cxd4 Bb4+ 7. Nc3 Bxc3+ 8.
bxc3 Be6 9. d5 Qf6 10. Bb2 Na5 11. Bb3 Bd7 12. O-O c6 13. Re1 O-O-O 14. dxc6
Bxc6 15. Qd4 Qxd4 16. cxd4 d5 17. Rac1 Kb8 18. exd5 Nxb3 19. axb3 Bxd5 20. Re3
Nf6 21. h3 Rhe8 22. b4 Bb3 23. Rxb3 Rc8 24. Rxc8+ Rxc8 25. d5 Nxd5 26. Be5+ Ka8
27. Bxg7 Nf4 28. Ng5 Rg8 29. Bh6 Rg6 30. Nxf7 Nxg2 31. Rg3 Rxg3 32. fxg3 Ne1
33. g4 Nd3 34. Bf8 b6 35. h4 a5 36. bxa5 bxa5 37. h5 a4 38. g5 Nf4 39. h6 Kb7
40. Nh8 Kc7 41. g6 hxg6 42. h7 g5 43. Nf7 Ng6 44. Ne5 Nxf8 45. h8=Q Ne6 46. Qe8
Nc5 47. Qe7+ Kb6 48. Qxg5 a3 49. Nc4+ Kc6 50. Nxa3 Kd6 51. Nb5+ Kc6 52. Nd4+
Kd6 53. Kf2 Ne4+ 54. Ke3 Nxg5 1/2-1/2

[Event "Julian Mazur 2024"]
[Site "Wellington Chess Club"]
[Date "2024.09.12"]
[Round "7.29"]
[White "Cao, Sam"]
[WhiteFideId "4325591"]
[Black "Dey, Kyle"]
[BlackFideId "0"]
[Result "1-0"]
[WhiteElo "1058"]
[BlackElo "1073"]

1. e4 e5 2. Nf3 Nc6 3. d4 d6 4. dxe5 dxe5 5. Qxd8+ Kxd8 6. Bb5 Nge7 7. O-O a6
8. Bc4 Be6 9. Bxe6 fxe6 10. Ng5 Ke8 11. Nxe6 Rc8 12. Nc3 Nd4 13. Nxd4 exd4 14.
Ne2 Nc6 15. b3 Bc5 16. Bb2 Rd8 17. Rad1 g6 18. Rd2 Rd6 19. Rfd1 Ke7 20. Nxd4
Bxd4 21. Bxd4 Nxd4 22. Rxd4 Rhd8 23. Rxd6 cxd6 24. Re1 Ke6 25. f4 d5 26. e5 Kf5
27. g3 g5 28. Rf1 gxf4 29. gxf4 Ke4 30. Kg2 Rg8+ 31. Kh3 Rf8 32. Kg4 Rh8 33.
Re1+ Kd4 34. f5 Re8 35. Kf4 Rf8 36. e6 Re8 37. f6 Rf8 38. Kf5 1-0